Demokratický týždenník

Románová príl. od č. 12/I (1946): Nižnánsky, J.: Studňa lásky, 253 s., od č. 44/I (1946) Nižnánsky, J.: Spišské tajomstvo, 257 s., od č. 5/III (1948) Nižnánsky, J.: Proti kaštieľu, ktorá pokračovala ako príl. novín Slovenský týždenník

Bibliographic Details
New Title:Slovenský týždenník
Corporate Authors: Demokratická strana (Slovensko), Bystrica, vydavateľské a podnikateľské družstvo (Bratislava, Slovensko) (Publisher), Slovenská grafia, úč. spol. (Bratislava, Slovensko)
Other Authors: Nižnánsky, Jozef, 1903-1976 (Publishing director), Kvetko, Martin, 1912-1995 (Publishing director), Turčan, Jožo (Publishing director)
Format: Journal
Language:Slovak
PhysicalDescription:3 roč. 35 x 52 cm
Published: Bratislava Demokratická strana 1/I 1946-16/II 1947
Bratislava Bystrica, vyd. a podnikateľské družstvo v Bratislave
Subjects:

MARC

LEADER 00000nas a22000001a 4500
001 vtls010301143
003 SK-MaSNL
005 20260228163213.0
008 110810d19461948xo wr p r 0 b0slo
015 |a SNBDS17XX9999 
015 |a 0185  |2 Balúnová 1945-60 
038 |a SNKBUDS 
040 |a SNK  |b slo  |c SNK  |e AACR2 
041 0 |a slo 
044 |a xo  |c SK 
080 |a 32  |2 2001 
245 0 0 |a Demokratický týždenník 
260 |a Bratislava  |b Demokratická strana  |c 1/I 1946-16/II 1947 
260 3 |3 17/II 1947-11/III 1948  |a Bratislava  |b Bystrica, vyd. a podnikateľské družstvo v Bratislave 
300 |a 3 roč.  |c 35 x 52 cm 
310 |a 1x týždenne 
362 0 |a Roč. I, č. 1 (3. febr. 1946)-roč. III, č. 11 (marec 1948) 
500 |a Vych. v Bratislave týždenne 
500 |a Hlav. red. od 17/II (27. apr. 1947) Jožo Nižnánsky. Zodp. red. Martin Kvetko, od 10/III (7. marca 1948) Jožo Turčan 
500 |a Maj. a vyd. Demokratická strana, od 17/II (27. apr. 1947) Bystrica, vyd. a podnikateľské družstvo v Bratislave 
500 |a Tlač. Slov. Grafia, úč. spol. v Bratislave 
500 |a Vych. od 15. febr. 1946 do [marca] 1948. Ukážkové číslo vyšlo 3. februára 1946 
505 8 0 |g Roč. I. 1946 45 č. + 1 po 8-10 s 
505 8 0 |g Roč. II. 1947 51 č. po 10 s. 
505 8 0 |g Roč. III. 1948 11 č. po 10 s. 
520 |a Románová príl. od č. 12/I (1946): Nižnánsky, J.: Studňa lásky, 253 s., od č. 44/I (1946) Nižnánsky, J.: Spišské tajomstvo, 257 s., od č. 5/III (1948) Nižnánsky, J.: Proti kaštieľu, ktorá pokračovala ako príl. novín Slovenský týždenník 
580 |a Od 12/III (21. marca 1948) pokračoval pod názvom Slovenský týždenník 
610 2 7 |a Demokratická strana (Slovensko)  |2 SNKBUDS  |9 227078 
650 0 7 |a politika  |2 SNKPH  |9 968 
655 7 |a politické časopisy  |2 SNKBUDS  |9 265985 
700 1 |a Nižnánsky, Jozef,  |d 1903-1976  |4 pbd  |9 110616 
700 1 |a Kvetko, Martin,  |d 1912-1995  |4 pbd  |9 110458 
700 1 |a Turčan, Jožo  |4 pbd  |9 273339 
710 2 |a Demokratická strana (Slovensko)  |9 227078 
710 2 |a Bystrica, vydavateľské a podnikateľské družstvo (Bratislava, Slovensko)  |e vydav.  |9 273337 
710 2 |a Slovenská grafia, úč. spol. (Bratislava, Slovensko)  |9 265810 
785 0 0 |t Slovenský týždenník 
852 |a SNK  |b 10000  |h ČSA 241 
852 |a UKB  |b 300000  |h SAA 193 
852 |a SVKKK  |b 900000  |h F 21 
852 |a UKB  |b 300000  |h XX AA 34 
999 |c 9014  |d 10944 
952 |0 0  |1 0  |4 0  |7 0  |a SNK  |b SNK  |d 1997-11-07  |l 0  |o snkČSA 241/1/1946  |p 17A0105626  |r 2005-01-02 00:00:00  |w 2026-02-21  |y PREZ 
952 |0 0  |1 0  |4 0  |7 0  |a SNK  |b SNK  |d 2003-06-23  |i snk3937/55  |l 0  |o snkČSA 241/1/1946 D1  |p 17A0386946  |r 2005-01-02 00:00:00  |w 2026-02-21  |y PREZ  |z Č. 1-45, chýba č. 32 
952 |0 0  |1 0  |4 0  |7 0  |a SNK  |b SNK  |d 2003-06-23  |i snk3926/55  |l 0  |o snkČSA 241/2/1947  |p 17A0386947  |r 2005-01-02 00:00:00  |w 2026-02-21  |y PREZ  |z Č. 1-51 
952 |0 0  |1 0  |4 0  |7 0  |a SNK  |b SNK  |d 2003-06-23  |i snk102/48  |l 0  |o snkČSA 241/2/1947 D1  |p 17A0386753  |r 2005-01-02 00:00:00  |w 2026-02-21  |y PREZ  |z Č. 1-51 
952 |0 0  |1 0  |4 0  |7 0  |a SNK  |b SNK  |d 2003-06-23  |i snk380/40  |l 0  |o snkČSA 241/3/1948  |p 17A0386250  |r 2005-01-02 00:00:00  |w 2026-02-21  |y PREZ  |z Č. 1-11-Demokratický týždenník, č. 1-52 Slovenský týždenník 
952 |0 0  |1 0  |4 0  |7 0  |a SNK  |b SNK  |d 2003-06-23  |i snk171/48  |l 0  |o snkČSA 241/3/1948 D1  |p 17A0386886  |r 2005-01-02 00:00:00  |w 2026-02-21  |y PREZ  |z Č. 1-11